| 000 | 00865nam a2200193 a 4500 | ||
|---|---|---|---|
| 001 | 000007235 | ||
| 005 | 20200929154114.0 | ||
| 008 | 090907s2008 dr 000 0 spa d | ||
| 040 |
_aDO-SdBNP _bspa _cBNPHU |
||
| 082 |
_axxxx _bJ82c |
||
| 245 | 0 | 0 |
_aJornada por la constitución : _bjusticia y reforma constitucional / _cpresentación Lino Vásquez Sámuel ; coordinación de la edición Marien Montero Beard ; colaboración Felix Tena, Francisco Guillén. |
| 260 |
_aSanto Domingo : _bComisionado de Apoyo a la Reforma y Modernización de la Justicia, _c2008. |
||
| 300 |
_a157 p. : _bil. ; _c22 cm. |
||
| 504 | _aIncluye referencias bibliográficas y notas al pie de las páginas | ||
| 700 | 1 |
_aVásquez Sámuel, Lino, _920067 |
|
| 700 | 1 |
_aMontero Beard, Marien, _ecoord. _920068 |
|
| 700 | 1 |
_aTena, Felix, _ecol. _920069 |
|
| 700 | 1 |
_aGuillén, Francisco, _ecol. _920070 |
|
| 999 |
_c7016 _d7016 |
||